000 00270nam a2200109Ia 4500
008 230320s9999||||xx |||||||||||||| ||spa||
082 _a878.1/C46
100 _aCayo, Julio Cesar
245 0 _aComentarios De La Guerra De Las Galias
260 _bAGUILAR
942 _80
_cLIB
999 _c32416
_d32416